Mikrobiálne inhibítory angiogenézy
Gespeichert in:
| 1. Verfasser: | |
|---|---|
| Weitere Verfasser: | |
| Format: | Manuskript Buch |
| Sprache: | Slowakisch |
| Schlagworte: | |
| Online-Zugang: | http://is.stuba.sk/zp/portal_zp.pl?podrobnosti=83690 |
| Tags: |
Keine Tags, Fügen Sie das erste Tag hinzu!
|
MARC
| LEADER | 00000ntm a22000003a 4500 | ||
|---|---|---|---|
| 001 | stuzp47084 | ||
| 003 | SK-STU | ||
| 005 | 20160229160118.8 | ||
| 007 | ta | ||
| 008 | 150427s2015----xo-----f-mn---000-0-slo-d | ||
| 040 | |a STU |b slo | ||
| 041 | 0 | |a slo | |
| 100 | 1 | |a Gharwalová, Lucia |u 044310 |4 aut |U FCHPT Ústav biotechnológie a potravinárstva |T FCHPT Oddelenie biochemickej technológie |X 44119 |U C4310 |Y 116 |7 44119 | |
| 242 | 0 | 1 | |a Angiogenesis' Microbial Inhibitors |y eng |
| 245 | 1 | 0 | |a Mikrobiálne inhibítory angiogenézy |
| 650 | 4 | |a angiogenéza |2 slo | |
| 650 | 4 | |a inhibícia |2 slo | |
| 650 | 4 | |a sekundárne metabolity |2 slo | |
| 650 | 4 | |a rakovina |2 slo | |
| 650 | 4 | |a nádor |2 slo | |
| 650 | 4 | |a mikroorganizmy |2 slo | |
| 650 | 4 | |a angiogenesis |2 eng | |
| 650 | 4 | |a inhibition |2 eng | |
| 650 | 4 | |a secondary metabolites |2 eng | |
| 650 | 4 | |a cancer |2 eng | |
| 650 | 4 | |a tumor |2 eng | |
| 650 | 4 | |a microorganisms |2 eng | |
| 700 | 1 | |a Šturdíková, Mária, |d 1950- |4 ths |X 3322 |7 A000003322 | |
| 856 | 4 | |u http://is.stuba.sk/zp/portal_zp.pl?podrobnosti=83690 | |
| SQL | |a stuzp47084 |b DBP |c SLO |d Mikrobiálne inhibítory angiogenézy |e 44119 |f Gharwalová, Lucia |g 044310 |h 3322 |i Šturdiková, Mária |j 20140714 |k 752 |l 04 |m http://is.stuba.sk/zp/portal_zp.pl?podrobnosti=83690 | ||